[Event "Mlada Boleslav Region-ch U16"]
[Site "Mlada Boleslav"]
[Date "2017.06.25"]
[Round "7"]
[White "Rytirova, Zuzana"]
[Black "Bartosova, Hana"]
[Result "0-1"]
[WhiteElo "1000"]
[BlackElo "1541"]
[PlyCount "44"]
[EventDate "2017.06.24"]
[EventType "swiss"]
[EventRounds "7"]
[EventCountry "CZE"]
[SourceTitle "CBM 179 Extra"]
[Source "ChessBase"]
[SourceDate "2017.08.23"]
[SourceVersion "1"]
[SourceVersionDate "2017.08.23"]
[SourceQuality "1"]

1. e4 e6 2. Bc4 d5 3. exd5 exd5 4. Bb3 Nc6 5. Nc3 Nf6 6. d4 Bd6 7. Nxd5 Nxd5 8. Bxd5 Bb4+ 9. Bd2 Bxd2+ 10. Qxd2 Qxd5 11. 0-0-0 Qxg2 12. Ne2 0-0 13. Qf4 Qd5 14. Qxc7 Bg4 15. Rd2 Bxe2 16. Rxe2 Qxh1+ 17. Kd2 Qd5 18. c3 Qg5+ 19. f4 Qa5 20. Qd6 Rad8 21. Qb4 Nxb4 22. cxb4 Qxb4+ 0-1

[Event "Mlada Boleslav Region-ch U16"]
[Site "Mlada Boleslav"]
[Date "2017.06.25"]
[Round "6"]
[White "Smejkal, Jakub"]
[Black "Rytirova, Zuzana"]
[Result "1-0"]
[WhiteElo "1015"]
[BlackElo "1000"]
[PlyCount "69"]
[EventDate "2017.06.24"]
[EventType "swiss"]
[EventRounds "7"]
[EventCountry "CZE"]
[SourceTitle "CBM 179 Extra"]
[Source "ChessBase"]
[SourceDate "2017.08.23"]
[SourceVersion "1"]
[SourceVersionDate "2017.08.23"]
[SourceQuality "1"]

1. e4 c5 2. Nf3 d5 3. exd5 Qxd5 4. Nc3 Qe6+ 5. Qe2 Nc6 6. Qxe6 Bxe6 7. Bb5 Nf6 8. Bxc6+ bxc6 9. d4 c4 10. Ne5 Rc8 11. Bg5 h6 12. Bxf6 exf6 13. Nf3 c5 14. 0-0 Rd8 15. Nb5 Rd7 16. dxc5 Bxc5 17. Rad1 0-0 18. Rxd7 Bxd7 19. Nc3 Rb8 20. b3 cxb3 21. axb3 a5 22. Nd2 Bb4 23. Ndb1 Rc8 24. Nd5 Ra8 25. c3 Be6 26. cxb4 Bxd5 27. bxa5 Rxa5 28. b4 Rb5 29. Nc3 Bc4 30. Nxb5 Bxf1 31. Kxf1 g5 32. Nd6 h5 33. b5 h4 34. b6 g4 35. b7 1-0

[Event "Mlada Boleslav Region-ch U16"]
[Site "Mlada Boleslav"]
[Date "2017.06.24"]
[Round "2"]
[White "Rytirova, Zuzana"]
[Black "Lhotsky, Ftantisek"]
[Result "0-1"]
[WhiteElo "1000"]
[BlackElo "1248"]
[PlyCount "52"]
[EventDate "2017.06.24"]
[EventType "swiss"]
[EventRounds "7"]
[EventCountry "CZE"]
[SourceTitle "CBM 179 Extra"]
[Source "ChessBase"]
[SourceDate "2017.08.23"]
[SourceVersion "1"]
[SourceVersionDate "2017.08.23"]
[SourceQuality "1"]

1. e4 c5 2. Bc4 e6 3. Nf3 d5 4. exd5 exd5 5. Bb3 Nf6 6. Nc3 Be7 7. 0-0 0-0 8. d4 c4 9. Ba4 a6 10. b3 b5 11. bxc4 dxc4 12. Bxb5 axb5 13. Nxb5 Qa5 14. Rb1 Bd7 15. a4 Qxa4 16. Nc7 Ra7 17. Bf4 Na6 18. Nxa6 Qxa6 19. c3 Bd6 20. Be3 Rb7 21. Ra1 Qc6 22. d5 Qxd5 23. Ra7 Rxa7 24. Bxa7 Be6 25. Nd2 Qe5 26. Nxc4 Qxh2# 0-1